000 02268cam a2200313 i 4500
003 SA-RiAUC
005 20250217074953.0
008 250215s2004 ts g f01010 ara c
024 0 _a00000000974427
024 0 _a00000000976462
040 _aADPOL
_bara
_cSA-RiAUC
_dAE-DuMBRL
_erda
082 0 4 _a255.4
_qSA-RiAUC
090 _a255.4
_bن و ر
100 1 _aنور، جابر أحمد
_eمؤلف.
245 1 0 _aمكافحة المخدرات في التشريع الإسلامي /
_cتأليف جابر أحمد نور.
250 _aالطبعة الأولى.
264 1 _aدبي، الإمارات العربية المتحدة :
_bحكومة دبي، دائرة الأوقاف والشؤون الإسلامية، إدارة الإفتاء والبحوث، قسم البحوث،
_c2004.
300 _a191 صفحة ؛
_c21 × 14 سم
336 _aنص
_btxt
_2rdacontent
_3كتاب
337 _aبدون وسيط
_bn
_2rdamedia
338 _aمجلد
_bnc
_2rdacarrier
500 _aورد على صفحة الغلاف : بمناسبة اليوم العالمي لمكافحة المحدرات 26 / 6 / 2004 م.
520 _aيتناول كتاب (مكافحة المخدرات في التشريع الإسلامي) والذي قام بتأليفه جابر أحمد نور، موضوع (المخدرات) الكتاب بحث يهدف إلى توعية وتثقيف كافة فئات المجتمع بأضرار المخدرات، وتعريفهم بآثارها المدمرة صحيا ونفسيا واجتماعيا، بأسلوب يخاطب العقل، ويعتمد على مقومات الشريعة الإسلامية السمحاء. ولبشاعة هذا الداء ومخاطره فلقد اهتمت الشريعة الإسلامية بعلاجه، فحرمت المخدرات بأنواعها وأصنافها، وأوجبت عقاب من يتعامل بها بما يردعه ويقي المجتمع من شروره.
650 7 _aالمخدرات (فقه إسلامي)
_2aucsh
650 7 _aالإسلام ومكافحة المخدرات
_2aucsh
942 _2ddc
_cBOOK
_n0
949 _aSA-JeALM
_d250215
_umohamedma123
_n1
999 _c6023
_d6023